Carlos Gounod / (Record no. 161671)

MARC details
000 -LEADER
campo de control de longitud fija 00964nam a2200253 i 4500
001 - NÚMERO DE CONTROL
campo de control 161671
003 - IDENTIFICADOR DE NÚMERO DE CONTROL
campo de control ES-MaACL
005 - FECHA Y HORA DE LA ÚLTIMA TRANSACCIÓN
campo de control 20250825062723.0
008 - DATOS DE LONGITUD FIJA--INFORMACIÓN GENERAL
campo de control de longitud fija 990617s1879 sp |||| | spa d
040 ## - FUENTE DE CATALOGACIÓN
Centro catalogador/agencia de origen CCPB | B
Lengua de catalogación spa
Centro/agencia transcriptor CCPB | B
080 ## - NÚMERO DE LA CLASIFICACIÓN DECIMAL UNIVERSAL
Número de la Clasificación Decimal Universal 929 Gounod, Charles
100 1# - ENTRADA PRINCIPAL--NOMBRE DE PERSONA
Nombre de persona Peña y Goñi, Antonio,
Fechas asociadas al nombre 1846-1896
Término indicativo de función/relación Autor
9 (RLIN) 90290
245 10 - MENCIÓN DEL TÍTULO
Título Carlos Gounod /
Mención de responsabilidad, etc. por Antonio Peña y Goñi.
260 ## - PUBLICACIÓN, DISTRIBUCIÓN, ETC.
Lugar de publicación, distribución, etc. Madrid :
Nombre del editor, distribuidor, etc. Sociedad de Tipógrafos,
Fecha de publicación, distribución, etc. 1879.
300 ## - DESCRIPCIÓN FÍSICA
Extensión 59 páginas ;
Dimensiones 19 cm.
500 ## - NOTA GENERAL
Nota general Precede al tít.: Impresiones y recuerdos
510 4# - NOTA DE CITAS O REFERENCIAS BIBLIOGRÁFICAS
Nombre de la fuente Palau,
Localización dentro de la fuente t. XII, 217486
600 17 - PUNTO DE ACCESO ADICIONAL DE MATERIA--NOMBRE DE PERSONA
Nombre de persona Gounod, Charles,
Fechas asociadas al nombre 1818-1893
Fuente del encabezamiento o término embne
9 (RLIN) 240526
655 #0 - TERMINO DE INDIZACIÓN--GENERO/FORMA
Datos o término principal de género/forma Biografías
9 (RLIN) 176647
852 ## - LOCALIZACIÓN
Ubicación ES-MaACL
Anotaciones manuscritas Ded. autógrafa del autor a Augusto Charro Hidalgo
Donativo/Legado Legado Charro Hidalgo
Número de control de estantería T-759-F-5
Encuadernación Enc. en un vol. facticio
-- Holandesa, conservando cub. original
942 ## - ELEMENTOS DE ENTRADA SECUNDARIOS (KOHA)
Fuente del sistema de clasificación o colocación Clasificación decimal universal
Tipo de ítem Koha Folleto
Suprimir en OPAC No
Holdings
Estatus retirado Estado de pérdida Fuente del sistema de clasificación o colocación Estado de daño No para préstamo Colección Biblioteca de origen Biblioteca actual Ubicación en estantería Fecha de adquisición Fuente de adquisición Total de préstamos Signatura topográfica completa Código de barras Visto por última vez Tipo de ítem Koha
    Clasificación decimal universal     Colección de folletos Biblioteca del Ateneo de Madrid Biblioteca del Ateneo de Madrid Depósito folletos 17/01/2008 Legado   T-759-F-5 1169350 23/02/2023 Folleto